LEADER 01658nas 2200505-a 450 001 9910891265703321 005 20260127110659.0 035 $a(DE-599)ZDB2253935-9 035 $a(OCoLC)66465014 035 $a(CKB)1000000000221348 035 $a(CONSER)--2006212484 035 $a(DE-599)2253935-9 035 $a(EXLCZ)991000000000221348 100 $a20060413a20069999 s-- a 101 0 $aeng 135 $aurcnu|||||||| 181 $ctxt$2rdacontent 182 $cc$2rdamedia 183 $acr$2rdacarrier 200 00$aSpirit of Bosnia 210 $aSpringfield, OH $cKeith Doubt$dİ2006- 300 $aEditor: Keith Doubt. 300 $aTitle from Publishers website. 311 08$a1931-4957 531 $aSPIRIT OF BOSNIA 606 $aEthnic relations$2fast$3(OCoLC)fst00916005 606 $aSocial aspects$2fast$3(OCoLC)fst01354981 607 $aBosnia and Herzegovina$xHistory$y1992-$vPeriodicals 607 $aBosnia and Herzegovina$xEthnic relations$vPeriodicals 607 $aBosnia and Herzegovina$xHistory$xSocial aspects$vPeriodicals 607 $aBosnia and Herzegovina$vLiteratures$vPeriodicals 607 $aBosnia and Herzegovina$vLiteratures$xHistory and criticism$vPeriodicals 607 $aBosnia and Herzegovina$2fast 608 $aCriticism, interpretation, etc.$2fast 608 $aHistory.$2fast 608 $aLiteratures.$2fast 608 $aPeriodicals.$2fast 615 7$aEthnic relations. 615 7$aSocial aspects. 676 $a943.7 701 $aDoubt$b Keith$01649448 906 $aJOURNAL 912 $a9910891265703321 996 $aSpirit of Bosnia$94260410 997 $aUNINA